Top 3 NBA 2K18 Players by College: Pac-12 - Statistics

General Stats
  • This quiz has been taken 17 times
    14 since last reset
  • The average score is 11 of 32
Answer Stats
College Player Rating % Correct
UCLA Kevin Love 87
93%
Arizona State James Harden 95
86%
Washington State Klay Thompson 90
86%
UCLA Jrue Holiday / Zach LaVine / Lonzo Ball 80
79%
UCLA Russell Westbrook 94
79%
Washington Isaiah Thomas 89
64%
USC DeMar DeRozan 89
50%
Stanford Brook Lopez 84
43%
Oregon Dillon Brooks 68
43%
California Jaylen Brown 76
43%
Utah Kyle Kuzma 72
43%
Stanford Robin Lopez 76
43%
Oregon Jordan Bell 69
36%
Washington Markelle Fultz 80
36%
Oregon Joseph Young 72
29%
USC Nikola Vucevic 80
29%
Arizona Aaron Gordon 78
21%
Colorado Alec Burks 74
21%
Utah Jakob Poeltl 72
21%
Washington Marquese Chriss 76
21%
California Ryan Anderson 78
21%
Arizona Andre Iguodala 79
14%
Colorado Andre Roberson 76
14%
Washington State Aron Baynes 73
14%
Utah Delon Wright 72
14%
USC Dewayne Dedmon 77
14%
Stanford Dwight Powell 73
14%
Oregon State Eric Moreland 65
14%
Oregon State Gary Payton II 69
14%
Arizona Lauri Markkanen / T.J. McConnell / Rondae Hollis-Jefferson 75
14%
California Allen Crabbe 75
7%
Colorado Spencer Dinwiddie 73
7%
No matching quizzes found
Score Distribution
Percent of People with Each Score
Percentile by Number Answered
Your Score History
You have not taken this quiz since the last reset